Rozpoznaj miasto po tablicy rejestracyjnej woj.podkarpackie - Statystyki

Ogólne statystyki
  • Ten quiz został rozwiązany 285 razy
  • Średni wynik to 15 z 25
Statystyki odpowiedzi
Rejestracja Miasto / powiat Odpowiedź % Poprawnych
RZ Miasto Rzeszów
96%
RK Miasto Krosno
93%
RP Miasto Przemyśl
89%
RT Miasto Tarnobrzeg
87%
RZE powiat rzeszowski
74%
RDE powiat dębicki
73%
RJA powiat jarosławski
72%
RMI powiat mielecki
69%
RTA powiat tarnobrzeski
67%
RPR powiat przemyski
66%
RJS powiat jasielski
62%
RKR powiat krośnieński
62%
RSA powiat sanocki
61%
RST powiat stalowowolski
58%
RLS powiat leski
54%
RLE powiat leżajski
53%
RKL powiat kolbuszowski
51%
RBR powiat brzozowski
49%
RLU powiat lubaczowski
49%
RPZ powiat przeworski
48%
RBI powiat bieszczadzki
46%
RLA powiat łańcucki
46%
RNI powiat niżański
43%
RRS powiat ropczycko-sędziszowski
40%
RSR powiat strzyżowski
37%
Nie znaleziono quizów pasujących do podanych kryteriów
Rozkład punktacji
Procent ludzi z każdym wynikiem
Percentyl według liczby udzielonych odpowiedzi
Twoja historia wyników
Nie rozwiązałeś tego quizu